00472 2200181 4500245004700000020002200047250001100069100001800080700002100098700001800119650002100137005001900158260005700177041001400234084001000248300002300258336000900281 aPinisi Nakhoda BarunacAry NilandarihText a978-602-437-731-1 aCet. 1 aAry Nilandari aDewi Tri Kusumah aWenny Oktavia aCerita Bergambar a20240926141628 aJakartabKementerian Pendidikan dan Kebudayaanc2019 aIndonesia a741.5 a26 hlm. :c29,7 cm atext